00588nam a2200205Ia 450000500170000000800410001704000190005804100120007708200160008910000240010524500400012925000120016926000290018130000150021065000210022585000100024694200070025699900170026395201020028020240927113601.0131103s9999 xx 000 0 und d aLoreto College aEnglish a891.44bRAI aRai, Pitendva Kumar aShiksha tattayacPitendva Kumar Rai a2nd ed. aCalcuttabBanerjeec1969 avii,335p.  aBengali language aLCBED cBK c30521d81000 00102ddc4070aMAINbMAINd2013-11-04l0o891.44 RAI 8150pB33369r2013-11-04w2013-11-04yBKf